Ancient records of Egypt : historical documents from the earliest times to the Persian conquest /

محفوظ في:

المؤلف الرئيسي: Breasted, James Henry, 1865-1935. (مؤلف)

التنسيق: كتاب

اللغة: English

منشور في: Chicago : The University of Chicago Press, 1927.

سلاسل: Ancient records ; 2. series.

الموضوعات:

الوسوم: إضافة وسم

لا توجد وسوم, كن أول من يضع وسما على هذه التسجيلة!

رقم الطلب: DT83 .A658 1927 v.1-5

LEADER 00990nam a22002297a 4500
003 OSt
005 20260210102951.0
008 260210m1927 ilua g 000 0 eng d
040 |c ARCE Library 
043 |a f-ua--- 
050 1 4 |a DT83  |b .A658 1927 v.1-5 
100 1 |a Breasted, James Henry,   |d 1865-1935.  |e author 
245 1 0 |a Ancient records of Egypt :   |b historical documents from the earliest times to the Persian conquest /   |c collected, edited and translated with commentary by James Henry Breasted. 
264 1 |a Chicago :   |b The University of Chicago Press,   |c 1927. 
300 |a 5 volumes :   |b illustrations ;   |c 25 cm. 
490 1 |a Ancient records ;   |v 2. series. 
505 0 |a 1. The first to the seventeenth dynasties. -- 2. The eighteenth dynasty. -- 3. The nineteenth dynasty. -- 4. The twentieth to the twenty-sixth dynasties. -- 5. Indices. 
651 0 |a Egypt  |x History  |v Sources. 
830 0 |a Ancient records ;   |v 2. series. 
901 |a reviewed 
942 |c BK  |2 lcc 
999 |c 28020  |d 28020